How to make money on BCIS books (Record no. 112250)

MARC details
000 -LEADER
fixed length control field 00513cam a22002055a 4500
001 - CONTROL NUMBER
control field L152899
008 - FIXED-LENGTH DATA ELEMENTS--GENERAL INFORMATION
fixed length control field 110511s2011 xxk f 000 0 eng d
020 ## - INTERNATIONAL STANDARD BOOK NUMBER
International Standard Book Number 9781842198888
035 ## - SYSTEM CONTROL NUMBER
System control number (Sirsi) u152899
041 0# - LANGUAGE CODE
Language code of text/sound track or separate title eng
050 04 - LIBRARY OF CONGRESS CALL NUMBER
Classification number 692.8 $1 8
110 2# - MAIN ENTRY--CORPORATE NAME
Corporate name or jurisdiction name as entry element BCIS
245 00 - TITLE STATEMENT
Title How to make money on BCIS books
250 ## - EDITION STATEMENT
Edition statement 1st. ed.
260 ## - PUBLICATION, DISTRIBUTION, ETC.
Place of publication, distribution, etc. London
Name of publisher, distributor, etc. BCIS
Date of publication, distribution, etc. 2011.
651 #4 - SUBJECT ADDED ENTRY--GEOGRAPHIC NAME
Geographic name ENGLAND AND WALES
856 40 - ELECTRONIC LOCATION AND ACCESS
Host name uhttp://194.154.180.3/uhtbin/cgisirsi.exe/0/0/0/1/117/X/
942 ## - ADDED ENTRY ELEMENTS (KOHA)
Suppress in OPAC 0
Holdings
Withdrawn status Lost status Source of classification or shelving scheme Damaged status Not for loan Home library Current library Shelving location Date acquired Cost, normal purchase price Total Checkouts Barcode Date last seen Copy number Cost, replacement price Price effective from Koha item type
    Dewey Decimal Classification     London London Books 11/05/2011 10.00   30000121212 06/08/2019 1 10.00 06/08/2019 Book